00302nam a2200097Ia 4500008004100000082001400041100003600055245006800091260000900159264003600168231129s1980||||xx |||||||||||||| ||spa|| aHAJ- 0375 aGutiérrez Azopardo Ildefonso 0aHistoria del negro en Colombia; ¿sumisión o rebeldí­a? c1980 aBogotá: Nueva América 1980